| 000 | 00479nam a22001577a 4500 | ||
|---|---|---|---|
| 003 | OSt | ||
| 005 | 20260121111828.0 | ||
| 008 | 260121b |||||||| |||| 00| 0 eng d | ||
| 040 | _cMRSPTU | ||
| 041 | _aEnglish | ||
| 100 | _aSukhjinder Kaur, Supervisor: Abhilasha | ||
| 245 | _aVEBEK-III: A Modified Technique of VEBEK to Save Energy in Wireless Sensor Network (WSN) | ||
| 260 |
_bDepartment of CSE, MRSPTU, Bathinda _c2014 |
||
| 650 | _aComputer Science | ||
| 942 |
_2ddc _cTH _n0 |
||
| 999 |
_c10710 _d10710 |
||